| 000 | 00581nam a22001937a 4500 | ||
|---|---|---|---|
| 005 | 20251108171815.0 | ||
| 008 | 250721s1981 xx 000 0 ara d | ||
| 082 | 1 | 4 | _aط/551.4/بار |
| 100 | 1 | _aباركر، برتا موريس | |
| 245 | 1 | 0 | _aسطح الأرض المتغير / |
| 250 | _aط5 | ||
| 264 | 1 |
_aالقاهره : _bدار المعارف، _c1981. |
|
| 300 | _a35ص | ||
| 490 | 0 | _aمجموعة الكتب العلمية المبسطة ؛ 23 | |
| 650 | 1 | 7 | _aالأرض |
| 700 | 1 |
_aحسن، محمد يوسف _eترجمة |
|
| 942 |
_2ddc _cBK |
||
| 999 |
_c63037 _d63037 |
||